000
00248nam a2200097Ia 4500
008
191206s9999 xx 000 0 und d
090
_a
DT2996.ALE
245
0
_a
POLITICS PATRONAGE AND THE STATE IN ZIMBABWE
260
_a
Weaver Press
260
_c
c2014
999
_c
16711
_d
16711